Science Quiz

Random Science or Elements Quiz

Pnictogen Elements Quiz Stats

 Plays Quiz Updated Apr 3, 2020

Support Sporcle.
Go Orange.
Score 0/6 Timer 01:00
0 Plays Today
% Correct
nitrogen
93.3%
phosphorus
76.5%
arsenic
70.1%
antimony
60.2%
bismuth
59.5%
moscovium
22.8%

From the Vault

Easter Egg Logic Puzzle

by mansteel

The best way to use logic is to not have any of it at all.
Remove Ads.
Support Sporcle.
Get the best of Sporcle when you Go Orange. This ad-free experience offers more features, more stats, and more fun while also helping to support Sporcle. Thank you for becoming a member.

Show Comments

Extras

Top Quizzes Today


Score Distribution

Your Account Isn't Verified!

In order to create a playlist on Sporcle, you need to verify the email address you used during registration. Go to your Sporcle Settings to finish the process.

Report this User

Report this user for behavior that violates our Community Guidelines.

Details: